Limitujúce a rozvojové faktory Slovenska v roku 2010

Strategické scenáre v turbulentnej dobe a problémy podnikateľských subjektov. Kríza ako podnet proinovatívneho správania produktov. Niektoré problémy slovenského priemyslu a analýza SWOT. Zmeny v riadení procesov v organizáciách a v inovácií výrobkov. Transfer know-how a vzdialené odvetvia.

Salvato in:
Dettagli Bibliografici
Autore principale: Tuma, Miroslav
Natura: Capitolo di libro
Lingua:slovacco
Soggetti:
Tags: Aggiungi Tag
Nessun Tag, puoi essere il primo ad aggiungerne!!

MARC

LEADER 00000naa$a2200000$$$4500
001 0108051
005 20220729111121.0
041 0 |a slo 
044 |a SK 
245 1 0 |a Limitujúce a rozvojové faktory Slovenska v roku 2010  |c Miroslav Tuma 
520 |a Strategické scenáre v turbulentnej dobe a problémy podnikateľských subjektov. Kríza ako podnet proinovatívneho správania produktov. Niektoré problémy slovenského priemyslu a analýza SWOT. Zmeny v riadení procesov v organizáciách a v inovácií výrobkov. Transfer know-how a vzdialené odvetvia. 
610 2 0 |a kríza hospodárska 
610 2 0 |a produkty 
610 2 0 |a inovácia výrobkov 
610 2 0 |a know-how 
610 2 0 |a Slovensko 
610 2 0 |a právo priemyselné 
610 2 0 |a ochrana informácií 
100 1 |a Tuma, Miroslav